000 00307nam a2200121Ia 4500
005 20251222144717.0
008 251222s9999||||xx |||||||||||||| ||spa||
082 _a004.015.1/C82
100 _aCortez Vásquez, Augusto
245 0 _aMatemáticas Discretas:
264 _bFondo Editorial UNMSM
942 _cLIB
999 _c18062
_d18062